MyGZULibrary

deWit's fundamental concepts and skills for nursing / (Record no. 11312)

MARC details
000 -LEADER
fixed length control field 01299cam a2200397 i 4500
001 - CONTROL NUMBER
control field 20021658
003 - CONTROL NUMBER IDENTIFIER
control field GZU
005 - DATE AND TIME OF LATEST TRANSACTION
control field 20240521122220.0
008 - FIXED-LENGTH DATA ELEMENTS--GENERAL INFORMATION
fixed length control field 170921s2018 moua b 001 0 eng
010 ## - LIBRARY OF CONGRESS CONTROL NUMBER
LC control number 2017302773
020 ## - INTERNATIONAL STANDARD BOOK NUMBER
International Standard Book Number 9780323396219
020 ## - INTERNATIONAL STANDARD BOOK NUMBER
International Standard Book Number 0323396216
022 ## - INTERNATIONAL STANDARD SERIAL NUMBER
International Standard Serial Number .
040 ## - CATALOGING SOURCE
Original cataloging agency DLC
Language of cataloging eng
Description conventions rda
Transcribing agency DLC
Modifying agency DLC
042 ## - AUTHENTICATION CODE
Authentication code pcc
050 00 - LIBRARY OF CONGRESS CALL NUMBER
Classification number RT41
Item number .DEW 2018
100 1# - MAIN ENTRY--PERSONAL NAME
Personal name Williams, Patricia,
Dates associated with a name 1961-
Relator term author.
240 10 - UNIFORM TITLE
Uniform title Fundamental concepts and skills for nursing.
245 10 - TITLE STATEMENT
Title deWit's fundamental concepts and skills for nursing /
Statement of responsibility, etc. Patricia Williams
250 ## - EDITION STATEMENT
Edition statement Fifth edition.
260 ## - PUBLICATION, DISTRIBUTION, ETC.
Place of publication, distribution, etc. St. Louis, Mo. :
Name of publisher, distributor, etc. Elsevier,
Date of publication, distribution, etc. [2018]
300 ## - PHYSICAL DESCRIPTION
Extent xxiv, 920 pages :
Other physical details illustrations (chiefly color) ;
Dimensions 28 cm
336 ## - CONTENT TYPE
Content type term text
Content type code txt
Source rdacontent
337 ## - MEDIA TYPE
Media type term unmediated
Media type code n
Source rdamedia
338 ## - CARRIER TYPE
Carrier type term volume
Carrier type code nc
Source rdacarrier
500 ## - GENERAL NOTE
General note Previous published as "Fundamental concepts and skills for nursing" by Susan C. de Wit.
504 ## - BIBLIOGRAPHY, ETC. NOTE
Bibliography, etc. note Includes bibliographical references (pages 857-865) and index.
505 ## - FORMATTED CONTENTS NOTE
Formatted contents note .
520 ## - SUMMARY, ETC.
Summary, etc. .
650 #0 - SUBJECT ADDED ENTRY--TOPICAL TERM
Topical term or geographic name entry element Nursing.
650 12 - SUBJECT ADDED ENTRY--TOPICAL TERM
Topical term or geographic name entry element Nursing Process.
650 22 - SUBJECT ADDED ENTRY--TOPICAL TERM
Topical term or geographic name entry element Nursing Care.
700 1# - ADDED ENTRY--PERSONAL NAME
Personal name O'Neill, Patricia A.
906 ## - LOCAL DATA ELEMENT F, LDF (RLIN)
a 7
b cbc
c origcop
d 2
e ncip
f 20
g y-gencatlg
942 ## - ADDED ENTRY ELEMENTS (KOHA)
Source of classification or shelving scheme Library of Congress Classification
Koha item type Books
Edition Fifth edition
Classification part 41
Item part DEW
Call number prefix RT
Holdings
Withdrawn status Lost status Source of classification or shelving scheme Damaged status Not for loan Collection code Home library Current library Shelving location Date acquired Source of acquisition Total Checkouts Full call number Barcode Date last seen Copy number Price effective from Koha item type
    Library of Congress Classification     Non-fiction Medical Library Medical Library General Stacks 05/21/2024 Book Aid International   RT41 DEW 2018 033361 05/21/2024 c. 1 05/21/2024 Books